US Presidents with the same last name - Statistics

General Stats
  • This quiz has been taken 1,585 times
  • The average score is 8 of 10
Answer Stats
Answer % Correct
George HW Bush
96%
George W Bush
96%
John Adams
87%
Theodore Roosevelt
86%
Franklin Roosevelt
85%
John Quincy Adams
80%
Lyndon Johnson
69%
Andrew Johnson
66%
Benjamin Harrison
64%
William Henry Harrison
63%
No matching quizzes found
Score Distribution
Percent of People with Each Score
Percentile by Number Answered
Your Score History
You have not taken this quiz